[Event "Chinese League Div-A Final-KO 2023"]
[Site "Xiongan"]
[Date "2023.12.05"]
[Round "4.21"]
[White "Xu, Xiangyu"]
[Black "Lu, Shanglei"]
[Result "1/2-1/2"]
[WhiteElo "2623"]
[BlackElo "2607"]
[Annotator "TA"]
[PlyCount "42"]
[EventDate "2023.12.02"]
[EventCountry "CHN"]
[SourceTitle "playchess.com"]
[Source "ChessBase"]
[SourceQuality "1"]

{[%evp 9,42,0,-17,-18,12,-12,-8,-14,12,0,0,0,0,0,0,0,0,0,0,0,0,0,0,0,0,0,0,0,0,0,0,0,0,0,0]} 1. d4 {[%emt 0:00:03][%cal Bd2d4,Bd4d5][%mdl 32]} Nf6 {[%emt 0:00:38]} 2. c4 {[%emt 0:00:12]} e6 {[%emt 0:00:53]} 3. Nc3 {[%emt 0:00:18]} Bb4 {[%emt 0:00:55]} 4. f3 {[%emt 0:00:14]} c5 {[%emt 0:01:33]} 5. d5 {[%emt 0:00:12]} b5 {[%emt 0:01:48] The position is equal.} 6. e4 {[%emt 0:00:13] E20: Nimzo-Indian: 4 g3 and 4 f3.} d6 {[%emt 0:01:31]} 7. Nge2 {[%emt 0:02:41]} (7. a3 Ba5 8. Bd3 bxc4 9. Bxc4 O-O 10. Nge2 Ba6 11. Bxa6 Nxa6 12. dxe6 fxe6 13. O-O Qd7 14. Bg5 Nc7 15. Rc1 Rab8 16. Na4 Qb5 17. Bxf6 gxf6 18. f4 Qb3 19. Qxb3 Rxb3 20. e5 Bd2 21. exd6 Na6 22. Rcd1 Rd3 {½-½ Xu,X (2577)-Lu,S (2605) CHN-ch Xinghua 2022 (5)}) 7... bxc4 {[%emt 0:01:35]} 8. Nf4 {[%emt 0:02:30]} g5 {[%emt 0:02:13]} (8... e5 $5 9. Nfe2 $8 Ba6 $11) 9. Nfe2 {[%emt 0:00:32]} exd5 {[%emt 0:00:19]} 10. exd5 {[%emt 0:00:12]} Qe7 {[%emt 0:01:15]} 11. Bxg5 {[%emt 0:02:46]} Bxc3+ {[%emt 0:02:07]} 12. bxc3 {[%emt 0:00:10]} Nbd7 $1 {[%emt 0:00:05][%cal Bb8d7,Bd7e5,Be5d3][%mdl 32]} 13. Qd2 {[%emt 0:10:16] Strongly threatening 0-0-0.} Rg8 {[%emt 0:05:54][%cal Og8g5] [#] Hoping for ...Rxg5!} 14. h4 {[%emt 0:04:32]} Ne5 {[%emt 0:00:14][%cal Og8g5] ...Rxg5! would be deadly.} 15. Kf2 {[%emt 0:00:33] Black must now prevent Ng3.} h6 {[%emt 0:03:49]} 16. Bxh6 {[%emt 0:01:25] [#]} Nh5 $146 {[%emt 0:00:37] Prevents Ng3} ({Predecessor:} 16... Nd3+ 17. Kg1 Rb8 18. Qd1 Rg6 19. Bd2 Qe5 20. h5 Nxh5 21. Qa4+ Ke7 22. Qxc4 Nb2 {½-½ Jimenez Ruano,A (2281)-Rojano Alfonso,C (2207) Mediterranean-ch 13th 2023 (9)}) 17. Rh2 {[%emt 0:02:39][%cal Oe2d4]} Nd3+ {[%emt 0:03:14]} 18. Kg1 {[%emt 0:00:10] [#] And now Bg5 would win.} Ne5 $1 {[%emt 0:01:02] Excellent horsemanship.} 19. Kf2 {[%emt 0:01:08][%cal Oe2d4]} Nd3+ {[%emt 0:00:05]} 20. Kg1 {[%emt 0:00:08] Bg5 is the strong threat.} Ne5 $1 {[%emt 0:00:04]} 21. Kf2 {[%emt 0:00:09]} Nd3+ {[%emt 0:00:20] A rather calm draw.   Weighted Error Value: White=0.02 (flawless) /Black=0.03 (flawless)} 1/2-1/2

[Event "Chinese League Div-A Final-KO 2023"]
[Site "Xiongan"]
[Date "2023.12.05"]
[Round "4.22"]
[White "Xu, Minghui"]
[Black "Li, Di"]
[Result "1/2-1/2"]
[WhiteElo "2389"]
[BlackElo "2568"]
[Annotator "TA"]
[PlyCount "91"]
[EventDate "2023.12.02"]
[EventCountry "CHN"]
[SourceTitle "playchess.com"]
[Source "ChessBase"]
[SourceQuality "1"]

{[%evp 13,91,-14,-2,-3,0,-1,6,0,2,0,24,22,25,17,20,3,10,2,4,0,0,0,14,0,0,7,2,0,4,0,0,0,0,-8,0,0,0,0,0,0,0,0,0,0,0,0,0,-12,-12,-10,-12,-48,-6,-13,-11,-68,-19,-20,-20,-20,-20,-20,-20,-20,-20,-20,-20,-20,-20,-34,-22,-34,-20,-20,0,0,0,-38,0,0]} 1. c4 {[%emt 0:00:56]} Nf6 {[%emt 0:00:21]} 2. Nc3 {[%emt 0:01:25]} e6 {[%emt 0:00:27]} 3. Nf3 {[%emt 0:01:24]} d5 {[%emt 0:00:06]} 4. e3 {[%emt 0:04:46]} c5 {[%emt 0:01:17]} 5. d4 {[%emt 0:01:10]} a6 {[%emt 0:00:08]} 6. a3 {[%emt 0:04:09]} dxc4 {[%emt 0:01:22]} 7. Bxc4 {[%emt 0:00:10]} b5 {[%emt 0:02:12]} 8. Be2 {[%emt 0:02:41] D40: Queen's Gambit Declined: Semi-Tarrasch with 5 e3.} Bb7 {[%emt 0:00:13]} 9. O-O {[%emt 0:01:06]} Nc6 {[%emt 0:00:26]} 10. dxc5 {[%emt 0:04:31]} Bxc5 {[%emt 0:00:07]} 11. Qxd8+ Kxd8 {[%emt 0:05:42]} 12. b4 {[%emt 0:06:00]} Bd6 $1 {[%emt 0:05:01]} 13. Bb2 {[%emt 0:00:55]} Ke7 {[%emt 0:00:08]} 14. Rfd1 {[%emt 0:00:25]} Rhd8 {[%emt 0:00:06]} 15. Rac1 {[%emt 0:00:16]} Rac8 {[%emt 0:00:11]} 16. Nb1 {[%emt 0:00:36][%cal Bc3b1,Bb1d2,Bd2b3][%mdl 32]} Nb8 {[%emt 0:00:31]} 17. Nbd2 {[%emt 0:01:49]} Nbd7 {[%emt 0:01:15]} 18. Nb3 {[%emt 0:04:30] [#]} Rxc1 $146 {[%emt 0:05:05]} ({Predecessor:} 18... e5 19. Rxc8 Rxc8 20. Rc1 Rxc1+ 21. Nxc1 Ne8 22. Nd2 f6 23. Bd3 g6 24. Ne4 Bc7 25. Nb3 Nd6 26. Nec5 Nxc5 27. Nxc5 Bc8 28. a4 Bb6 29. axb5 {½-½ Staniszewski,P (2440)-Twardowski,L (2370) Poznan Pocztowiec-ch 1997 (4)}) 19. Rxc1 {[%emt 0:00:17]} Rc8 {[%emt 0:01:16]} 20. Rxc8 {[%emt 0:01:04]} Bxc8 {[%emt 0:00:03]} 21. Nfd2 {[%emt 0:00:59]} Bb7 {[%emt 0:01:17]} 22. f3 {[%emt 0:00:24]} h5 {[%emt 0:02:48]} 23. g3 {[%emt 0:07:11]} g5 {[%emt 0:01:18]} 24. Kf2 {[%emt 0:00:11]} g4 {[%emt 0:00:13]} 25. f4 {[%emt 0:00:14]} Ne4+ {[%emt 0:01:21]} 26. Nxe4 {[%emt 0:00:06]} Bxe4 {[%emt 0:00:03]} 27. Nd2 {[%emt 0:00:13]} Bb7 {[%emt 0:00:19]} 28. Bd3 {[%emt 0:01:05]} Bc7 {[%emt 0:00:44]} 29. Ke2 {[%emt 0:02:15]} Bb6 {[%emt 0:03:31]} 30. Be4 {[%emt 0:09:09]} Bxe4 {[%emt 0:00:26]} 31. Nxe4 $11 {[%emt 0:00:08][%mdl 4096] Endgame KBN-KBN} f5 {[%emt 0:01:32]} 32. Nf2 {[%emt 0:01:50]} Nb8 {[%emt 0:01:10]} 33. Nd3 {[%emt 0:01:55]} Nc6 {[%emt 0:00:14]} 34. Ne5 {[%emt 0:00:23]} (34. Nc1 $11) 34... Nxe5 {[%emt 0:00:07]} (34... Kd6 $15 {should be considered.}) 35. Bxe5 $15 {[%emt 0:00:06] KB-KB} Kd7 {[%emt 0:02:11]} 36. Kd3 {[%emt 0:00:40]} Kc6 {[%emt 0:00:26] Threatens to win with ...Kd5.} 37. Bd4 $1 {[%emt 0:00:58]} Bd8 {[%emt 0:00:24] ...Kd5 would be deadly.} 38. e4 {[%emt 0:02:50]} h4 {[%emt 0:00:06]} 39. Bf2 {[%emt 0:01:13]} h3 {[%emt 0:00:30]} 40. Bd4 {[%emt 0:00:45]} Be7 {[%emt 0:00:36]} 41. Ke3 {[%emt 0:01:27] [#]} Bh4 $1 {[%emt 0:05:47][%cal Oh4g3][%mdl 64] aiming for ...Bxg3! Promotion} 42. Kf2 {[%emt 0:00:59]} (42. gxh4 $2 {too greedy.} g3 43. hxg3 h2 44. exf5 exf5 $19) 42... Bd8 {[%emt 0:00:05]} 43. Ke3 {[%emt 0:00:07]} Bh4 {[%emt 0:01:34][%cal Oh4g3][%mdl 64] And now ...Bxg3! would win. Promotion} 44. Kf2 {[%emt 0:00:05]} (44. gxh4 $2 {perishes.} g3 45. hxg3 h2 $19) 44... Bd8 {[%emt 0:00:04]} 45. Ke3 {[%emt 0:00:04]} Bh4 {[%emt 0:00:05][%cal Oh4g3][%mdl 64] [#] ...Bxg3! is the strong threat. Promotion} 46. Kf2 $1 {[%emt 0:00:04] Weighted Error Value: White=0.06 (flawless) /Black=0.05 (flawless)} (46. gxh4 $2 {loses.} g3 {[%mdl 64] Promotion} 47. hxg3 h2 48. exf5 exf5 $19) 1/2-1/2

[Event "Chinese League Div-A Final-KO 2023"]
[Site "Xiongan"]
[Date "2023.12.05"]
[Round "4.23"]
[White "Jiang, Qinyu"]
[Black "Chen, Yuan"]
[Result "1/2-1/2"]
[WhiteElo "2259"]
[BlackElo "2039"]
[Annotator "RC"]
[PlyCount "67"]
[EventDate "2023.12.02"]
[EventCountry "CHN"]
[SourceTitle "playchess.com"]
[Source "ChessBase"]
[SourceQuality "1"]

1. e4 {[%emt 18:44:17]} e5 {[%emt 0:00:14]} 2. Nf3 {[%emt 0:00:06]} Nc6 {[%emt 0:00:06]} 3. Bb5 {[%emt 0:00:02]} g6 {[%emt 0:00:45]} 4. c3 {[%emt 0:01:10]} Bg7 {[%emt 0:00:43]} 5. d4 {[%emt 0:02:05]} exd4 {[%emt 0:00:09]} 6. cxd4 {[%emt 0:00:01]} a6 {[%emt 0:00:14]} 7. Bxc6 {[%emt 0:09:10]} bxc6 {[%emt 0:00:09]} 8. Nc3 {[%emt 0:03:00]} Ne7 {[%emt 0:00:32]} 9. O-O {[%emt 0:06:28]} d6 {[%emt 0:04:18]} 10. h3 {[%emt 0:05:39]} O-O {[%emt 0:00:21]} 11. Re1 {[%emt 0:00:23]} h6 {[%emt 0:07:29]} 12. a4 {[%emt 0:07:13]} Rb8 {[%emt 0:14:57]} 13. Ra3 {[%emt 0:01:31]} Re8 {[%emt 0:06:41]} 14. Bd2 {[%emt 0:04:46]} g5 {[%emt 0:19:30]} 15. Ne2 {[%emt 0:03:05]} d5 {[%emt 0:07:34]} 16. e5 {[%emt 0:03:53]} Bf5 {[%emt 0:07:38]} 17. Ng3 {[%emt 0:00:51]} Rxb2 18. Nxf5 {[%emt 0:04:58]} Nxf5 {[%emt 0:00:02]} 19. Qc1 {[%emt 0:00:02]} Qb8 {[%emt 0:02:14]} 20. Qxc6 {[%emt 0:04:15]} Nxd4 {[%emt 0:11:33]} 21. Nxd4 {[%emt 0:01:21]} Rxd2 {[%emt 0:00:02]} 22. Rb3 {[%emt 0:00:41]} Qc8 {[%emt 0:06:00]} 23. Nf3 {[%emt 0:05:49]} Ra2 {[%emt 0:00:02]} 24. Rb7 {[%emt 0:01:28]} Qe6 {[%emt 0:01:54]} 25. Qxc7 {[%emt 0:00:42]} Rxa4 {[%emt 0:00:12]} 26. Rc1 {[%emt 0:04:09]} Rc4 {[%emt 0:02:39]} 27. Rxc4 {[%emt 0:00:05]} dxc4 28. Rb6 {[%emt 0:05:32]} Qc8 {[%emt 0:01:54]} 29. Qxc8 {[%emt 0:00:47]} Rxc8 30. Rxa6 Rc5 {[%emt 0:00:38]} 31. Kf1 {[%emt 0:00:43]} c3 {[%emt 0:03:09]} 32. Ra1 {[%emt 0:00:06]} Bxe5 {[%emt 0:01:52]} 33. Nxe5 {[%emt 0:00:03]} Rxe5 {[%emt 0:00:04]} 34. Ra8+ {[%emt 0:00:02]} 1/2-1/2

[Event "Chinese League Div-A Final-KO 2023"]
[Site "Xiongan"]
[Date "2023.12.05"]
[Round "4.24"]
[White "Ding, Yixin"]
[Black "Chu, Ruotong"]
[Result "1-0"]
[WhiteElo "2402"]
[BlackElo "2114"]
[Annotator "RC"]
[PlyCount "71"]
[EventDate "2023.12.02"]
[EventCountry "CHN"]
[SourceTitle "playchess.com"]
[Source "ChessBase"]
[SourceQuality "1"]

1. c4 {[%emt 0:00:07]} e5 {[%emt 0:05:18]} 2. Nc3 {[%emt 0:00:42]} c5 {[%emt 0:03:08]} 3. Nf3 {[%emt 0:03:29]} Nc6 {[%emt 0:02:24]} 4. g3 {[%emt 0:00:05]} d6 {[%emt 0:08:46]} 5. Bg2 {[%emt 0:00:20]} g6 {[%emt 0:05:28]} 6. O-O {[%emt 0:00:59]} Bg7 {[%emt 0:00:32]} 7. d3 {[%emt 0:08:00]} Nge7 {[%emt 0:01:31]} 8. Ne1 {[%emt 0:00:13]} Be6 {[%emt 0:07:16]} 9. Nc2 {[%emt 0:00:26]} Qd7 {[%emt 0:00:05]} 10. Ne3 {[%emt 0:08:40]} Bh3 {[%emt 0:06:11]} 11. Ned5 {[%emt 0:03:23]} Bxg2 {[%emt 0:16:09]} 12. Kxg2 {[%emt 0:00:57]} O-O {[%emt 0:00:02]} 13. Rb1 {[%emt 0:10:43]} Rab8 {[%emt 0:01:24]} 14. a3 {[%emt 0:03:34]} a6 {[%emt 0:04:09]} 15. b4 {[%emt 0:15:35]} cxb4 {[%emt 0:05:04]} 16. axb4 {[%emt 0:00:25]} b5 {[%emt 0:07:13]} 17. Be3 {[%emt 0:02:34]} Kh8 {[%emt 0:08:34]} 18. f3 {[%emt 0:06:13]} f5 {[%emt 0:03:30]} 19. Bf2 {[%emt 0:05:05]} bxc4 {[%emt 0:01:08]} 20. dxc4 {[%emt 0:01:51]} Nxd5 {[%emt 0:00:19]} 21. Nxd5 {[%emt 0:00:12]} e4 {[%emt 0:00:10]} 22. b5 {[%emt 0:01:40]} axb5 {[%emt 0:03:27]} 23. cxb5 {[%emt 0:00:02]} Ne7 {[%emt 0:00:19]} 24. b6 {[%emt 0:00:43]} Rfe8 {[%emt 0:02:28]} 25. Rc1 {[%emt 0:07:26]} Nxd5 {[%emt 0:04:05]} 26. Qxd5 {[%emt 0:00:02]} Qd8 {[%emt 0:02:37]} 27. Rc7 {[%emt 0:03:20]} e3 {[%emt 0:00:10]} 28. Be1 {[%emt 0:00:36]} Re5 {[%emt 0:01:22]} 29. Qf7 {[%emt 0:03:41]} Qg8 {[%emt 0:01:26]} 30. Qxg8+ {[%emt 0:00:50]} Rxg8 {[%emt 0:00:05]} 31. Bc3 {[%emt 0:03:58]} Rb5 {[%emt 0:00:41]} 32. Rxg7 {[%emt 0:00:37]} Rxg7 {[%emt 0:00:14]} 33. Ra1 {[%emt 0:00:10]} h5 {[%emt 0:01:17]} 34. Ra7 {[%emt 0:00:21]} Re5 {[%emt 0:00:08]} 35. Bxe5 {[%emt 0:00:05]} dxe5 {[%emt 0:00:03]} 36. Rxg7 {[%emt 0:00:06]} 1-0

[Event "Chinese League Div-A Final-KO 2023"]
[Site "Xiongan"]
[Date "2023.12.05"]
[Round "4.25"]
[White "Ren, Xiaoyi"]
[Black "Bai, Xue"]
[Result "0-1"]
[WhiteElo "2083"]
[BlackElo "2075"]
[Annotator "NA COMBH"]
[PlyCount "80"]
[EventDate "2023.12.02"]
[EventCountry "CHN"]
[SourceTitle "playchess.com"]
[Source "ChessBase"]
[SourceQuality "1"]

1. d4 {[%emt 0:00:12]} d5 2. c4 {[%emt 0:00:08]} e6 {[%emt 0:00:05]} 3. Nc3 {[%emt 0:00:11]} Nf6 {[%emt 0:00:07]} 4. Nf3 {[%emt 0:00:12]} Bb4 {[%emt 0:01:03]} 5. Bg5 {[%emt 0:00:33]} h6 {[%emt 0:00:20]} 6. Bxf6 {[%emt 0:01:04]} Qxf6 {[%emt 0:00:08]} 7. a3 {[%emt 0:00:47]} Bxc3+ {[%emt 0:00:35]} 8. bxc3 {[%emt 0:00:05]} O-O {[%emt 0:03:47]} 9. e3 {[%emt 0:00:55]} b6 {[%emt 0:04:54]} 10. cxd5 {[%emt 0:05:07]} exd5 {[%emt 0:00:07]} 11. Be2 {[%emt 0:03:07]} Bf5 {[%emt 0:07:20]} 12. Ne5 {[%emt 0:01:04]} Nc6 {[%emt 0:05:22]} 13. Nd3 {[%emt 0:02:38]} Rfe8 {[%emt 0:07:21]} 14. Nf4 {[%emt 0:00:28]} Qd6 {[%emt 0:02:43]} 15. O-O {[%emt 0:00:59]} Na5 {[%emt 0:03:00]} 16. Re1 {[%emt 0:03:18]} Rad8 {[%emt 0:06:32]} 17. Bd3 {[%emt 0:05:38]} Bxd3 {[%emt 0:03:29]} 18. Qxd3 {[%emt 0:03:19]} Nc4 {[%emt 0:00:08]} 19. a4 {[%emt 0:00:26]} a5 {[%emt 0:02:12]} 20. Nh5 {[%emt 0:00:24]} Qc6 {[%emt 0:09:12]} 21. f3 {[%emt 0:01:14]} Qg6 {[%emt 0:04:31]} 22. Qxg6 {[%emt 0:04:25]} fxg6 {[%emt 0:00:06]} 23. Nf4 {[%emt 0:00:02]} g5 {[%emt 0:00:09]} 24. Nd3 {[%emt 0:00:31]} Nxe3 {[%emt 0:00:38]} 25. Kf2 {[%emt 0:00:27]} Nc4 {[%emt 0:00:29]} 26. Ne5 {[%emt 0:02:52]} Nxe5 {[%emt 0:01:01]} 27. dxe5 {[%emt 0:00:04]} Kf7 {[%emt 0:00:18]} 28. g3 {[%emt 0:00:05]} Ke6 {[%emt 0:00:09]} 29. h4 {[%emt 0:17:16]} gxh4 {[%emt 0:00:23]} 30. gxh4 {[%emt 0:00:20]} Kf5 {[%emt 0:00:39]} 31. f4 {[%emt 0:03:50]} Kxf4 {[%emt 0:01:14]} 32. Re3 {[%emt 0:00:07]} Kf5 {[%emt 0:04:43]} 33. Rg1 {[%emt 0:01:40]} g5 {[%emt 0:01:15]} 34. hxg5 {[%emt 0:03:50]} hxg5 {[%emt 0:00:06]} 35. Rge1 {[%emt 0:00:04]} Ke6 {[%emt 0:00:41]} 36. Kg3 {[%emt 0:00:39]} Rf8 {[%emt 0:01:51]} 37. Rd1 {[%emt 0:16:35]} Rf4 {[%emt 0:02:39]} 38. Rh1 {[%emt 0:00:11]} Rh4 {[%emt 0:00:41]} 39. Rf1 {[%emt 0:02:14]} Re4 {[%emt 0:00:58]} 40. Ref3 {[%emt 0:00:20]} Kxe5 {[%emt 0:01:02]} 0-1

[Event "Chinese League Div-A Final-KO 2023"]
[Site "Xiongan"]
[Date "2023.12.06"]
[Round "5.1"]
[White "Liu, Yan"]
[Black "Wen, Yang"]
[Result "0-1"]
[WhiteElo "2579"]
[BlackElo "2574"]
[Annotator "TA"]
[PlyCount "202"]
[EventDate "2023.12.02"]
[EventCountry "CHN"]
[SourceTitle "playchess.com"]
[Source "ChessBase"]
[SourceQuality "1"]

{[%evp 26,202,4,-27,-26,-18,0,-19,-4,-80,-66,-56,-50,-68,-69,-77,-74,-132,-137,-137,-110,-128,-128,-106,-21,-32,-23,-18,-24,-40,-39,-158,-183,-183,-77,-70,-72,-81,0,-354,-347,-362,-352,-386,-200,-184,-200,-365,-340,-1319,-1447,-1355,-1404,-1344,-1026,-1084,-1026,-775,-734,-1456,-1445,-12831,-512,-450,0,-12833,-12833,-12833,-12834,-12833,-12833,-12836,-12833,-12833,-12834,-12834,-12835,-12835,-12835,-12828,-12831,-12839,-12839,-12841,-12841,-12844,-12841,-12841,-12841,-12842,-12839,-12843,-12839,-12840,-12837,-12843,-12841,-12841,-12837,-12842,-12842,-12843,-12842,-12842,-12840,-12841,-12841,-12840,-12839,-12840,-12840,-12840,-12841,-12842,-12842,-12843,-12840,-12841,-12837,-12837,-12836,-12837,-12834,-12834,-12833,-12835,-12056,-1831,-980,-12832,-12833,-12836,-12817,-11327,-5514,-3600,-862,-5181,-2677,-12831,-12831,-6760,-2530,-2469,-1069,-1222,-1474,-12818,-12830,-1394,-1016,-12838,-12836,-12837,-12837,-12838,-12838,-12839,-12838,-12839,-12836,-5531,-9386,-12841,-12841,-12841,-12842,-12842,-12843,-12845,-12846,-12846,-12845,-12846,-12844,-12846,-12843,-12845,-12845]} 1. c4 {[%emt 0:00:19]} Nf6 {[%emt 0:00:09]} 2. Nf3 {[%emt 0:00:17]} e6 {[%emt 0:00:24]} 3. Nc3 {[%emt 0:00:32]} d5 {[%emt 0:00:48]} 4. e3 {[%emt 0:00:37]} c5 {[%emt 0:01:20]} 5. cxd5 {[%emt 0:00:20]} exd5 {[%emt 0:00:05]} 6. Bb5+ {[%emt 0:00:40]} Nc6 {[%emt 0:01:39]} 7. Ne5 {[%emt 0:04:11]} Bd7 {[%emt 0:00:45]} 8. Bxc6 {[%emt 0:01:01]} bxc6 {[%emt 0:01:41]} 9. O-O {[%emt 0:04:24]} Bd6 {[%emt 0:01:41]} 10. Nxd7 {[%emt 0:00:19]} Nxd7 {[%emt 0:03:13]} 11. d3 {[%emt 0:08:12]} O-O {[%emt 0:00:23]} 12. e4 {[%emt 0:00:49]} Nb6 {[%emt 0:03:22]} 13. a4 {[%emt 0:14:02]} a5 {[%emt 0:01:45]} 14. exd5 {[%emt 0:05:03]} Nxd5 {[%emt 0:04:16]} 15. Ne4 {[%emt 0:12:38]} Be5 {[%emt 0:06:12]} 16. Rb1 {[%emt 0:12:47]} Re8 {[%emt 0:28:57]} 17. g3 {[%emt 0:05:38]} (17. Nxc5 $11 {remains equal.} Bxh2+ {[%mdl 64] Decoy} 18. Kxh2 Qd6+ 19. Kg1 Qxc5 20. Bd2) 17... Bd4 $17 {[%emt 0:03:59]} 18. Bd2 {[%emt 0:00:29]} Nb4 {[%emt 0:04:21]} 19. Bxb4 {[%emt 0:07:20]} cxb4 {[%emt 0:00:12]} 20. Re1 {[%emt 0:10:51]} Re6 {[%emt 0:06:30]} 21. Qf3 {[%emt 0:04:50]} (21. b3 $142) 21... Qd5 {[%emt 0:00:59]} 22. b3 {[%emt 0:00:51]} Rae8 {[%emt 0:00:19]} 23. Kf1 {[%emt 0:02:06]} Rd8 {[%emt 0:07:29]} 24. Re2 {[%emt 0:02:54]} Bb6 {[%emt 0:00:45]} (24... h6 $17 25. Nd2 Rxe2 26. Kxe2 Qc5) 25. Nd2 $1 $11 {[%emt 0:00:39]} Rxe2 {[%emt 0:15:43]} (25... Qxf3 {simplifies} 26. Nxf3 Rxd3 27. Nd2 Rxe2 28. Kxe2 Rd5) 26. Kxe2 {[%emt 0:00:03]} Qe5+ {[%emt 0:00:02]} 27. Kf1 {[%emt 0:00:08]} Qc3 {[%emt 0:00:51]} 28. Nc4 {[%emt 0:00:25]} ({White should play} 28. Ne4 $15 Rxd3 29. Nxc3 Rxf3 30. Nd1) 28... Bxf2 $1 $17 {[%emt 0:01:16]} (28... Qxd3+ $2 29. Qxd3 Rxd3 30. Nxb6 $18) (28... Rxd3 $2 29. Qxc6 h6 30. Qxb6 $18) (28... Bc7 29. Re1 Rf8 30. Qxc6 Qxd3+ 31. Kg2 $16) 29. Kg2 {[%emt 0:01:26] [#]} Bd4 {[%emt 0:01:41]} (29... Qxd3 $2 30. Qxd3 Rxd3 31. Kxf2 $18) (29... Bxg3 $1 $19 {has better winning chances. ...Qc2+ would be deadly.} 30. Rf1 (30. Kxg3 $2 Rxd3 31. Rf1 Qxb3 $19) 30... Qc2+ 31. Kxg3 Rxd3) 30. Rf1 $17 {[%emt 0:01:13]} Bf6 {[%emt 0:00:02]} (30... Qxb3 $2 31. Qxf7+ Kh8 32. Qf8+ Rxf8 33. Rxf8#) 31. Nxa5 {[%emt 0:00:04]} h5 {[%emt 0:02:23]} (31... Qxd3 $6 32. Nxc6 Qc2+ 33. Rf2 $11) ({Better is} 31... Rd5 $17 32. Qe4 Kf8) 32. Nxc6 $2 {[%emt 0:00:34][%mdl 8192]} (32. Qxc6 $11 {and White stays safe.} Qxd3 33. Nb7) 32... Rxd3 $19 {[%emt 0:00:11]} 33. Qe4 {[%emt 0:00:21]} Re3 {[%emt 0:01:03]} (33... Qxb3 34. Qe8+ Kh7 35. Qe4+ g6 36. Rf2 $19) 34. Qd5 {[%emt 0:00:20]} Qxb3 {[%emt 0:01:30]} (34... h4 $142 {[%cal Rh4g3]} 35. gxh4 Rd3) 35. Qxb3 $19 {[%emt 0:00:13]} Rxb3 {[%emt 0:00:02]} 36. a5 $2 {[%emt 0:00:22] [#]} (36. Kf2) 36... Rb2+ $1 $19 {[%emt 0:00:19]} 37. Rf2 $2 {[%emt 0:01:21]} (37. Kf3 b3 38. Nb4 (38. a6 $2 Ra2 $19)) 37... Rxf2+ $19 {[%emt 0:01:57]} 38. Kxf2 {[%emt 0:00:03]} b3 {[%emt 0:00:02]} 39. a6 {[%emt 0:00:05]} b2 {[%emt 0:00:01]} 40. a7 {[%emt 0:00:04]} b1=Q {[%emt 0:00:08]} ({Weaker is} 40... b1=B 41. a8=Q+ (41. a8=B g6 $17) 41... Kh7 42. Qe8 $18) 41. a8=Q+ {[%emt 0:00:03]} Kh7 {[%emt 0:00:16]} 42. Qe8 {[%emt 0:10:22]} Qc2+ {[%emt 0:02:46]} 43. Kg1 {[%emt 0:00:47]} Qd1+ {[%emt 0:14:08]} (43... h4 $142 {( -> ...h3)} 44. Qd7 Bg5) 44. Kf2 $19 {[%emt 0:03:23]} Qc2+ {[%emt 0:00:19]} (44... Qa4 $142 45. Qd7 Qe4) 45. Kg1 $1 $19 {[%emt 0:00:01]} h4 {[%emt 0:04:17]} 46. Qd7 {[%emt 0:04:19]} Bg5 {[%emt 0:06:33]} 47. Kf1 {[%emt 0:00:27]} Qe4 {[%emt 0:01:30]} 48. gxh4 {[%emt 0:03:19]} Bxh4 {[%emt 0:00:23]} 49. Nd4 {[%emt 0:01:18]} Qh1+ {[%emt 0:00:57]} 50. Ke2 {[%emt 0:00:06]} Qxh2+ {[%emt 0:00:14]} 51. Kd3 {[%emt 0:00:23]} Qg3+ {[%emt 0:01:06]} 52. Kc4 {[%emt 0:02:44]} Qf4 {[%emt 0:00:05]} 53. Qh3 {[%emt 0:04:15]} g6 {[%emt 0:00:29]} 54. Kd5 {[%emt 0:00:16]} Kg7 {[%emt 0:00:21]} 55. Qd7 {[%emt 0:00:12]} Qg5+ {[%emt 0:01:23]} 56. Kc4 {[%emt 0:00:06]} Qe5 {[%emt 0:00:15]} 57. Kd3 {[%emt 0:01:45]} Bf2 {[%emt 0:00:15]} 58. Nb5 {[%emt 0:01:11]} Bc5 {[%emt 0:00:45]} 59. Nc7 {[%emt 0:00:15]} Qe7 {[%emt 0:02:07]} 60. Qc8 {[%emt 0:00:35]} Qe3+ {[%emt 0:01:06]} 61. Kc4 {[%emt 0:00:15]} Be7 {[%emt 0:00:09]} 62. Ne8+ {[%emt 0:01:43]} Kh6 {[%emt 0:00:02]} 63. Nc7 {[%emt 0:01:29]} Qc5+ {[%emt 0:00:17]} 64. Kd3 {[%emt 0:00:18]} Kg5 {[%emt 0:00:20]} 65. Qb7 {[%emt 0:00:21]} Qf5+ {[%emt 0:00:07]} 66. Kd2 {[%emt 0:00:28]} Bd6 {[%emt 0:00:30]} 67. Nd5 {[%emt 0:01:05]} Qf2+ {[%emt 0:00:29]} 68. Kd3 {[%emt 0:00:12]} Qf3+ {[%emt 0:00:04]} 69. Kd4 {[%emt 0:00:08]} Qd1+ {[%emt 0:00:58]} 70. Kc4 {[%emt 0:00:23]} Qf1+ {[%emt 0:00:36]} 71. Kd4 {[%emt 0:00:08]} f6 {[%emt 0:00:16]} 72. Qf7 {[%emt 0:03:31]} Be5+ {[%emt 0:00:26]} 73. Kc5 {[%emt 0:00:05]} Qc1+ {[%emt 0:00:51]} 74. Kb5 {[%emt 0:00:08]} Qb1+ {[%emt 0:00:36]} 75. Kc5 {[%emt 0:00:37]} Qa2 {[%emt 0:00:29]} 76. Kb5 {[%emt 0:00:26]} Bd4 {[%emt 0:01:34]} 77. Kb4 {[%emt 0:00:20]} Qa7 {[%emt 0:01:36]} 78. Nc7 {[%emt 0:00:45]} Qc5+ {[%emt 0:00:04]} 79. Ka4 {[%emt 0:00:22]} Qc2+ {[%emt 0:00:45]} (79... Qc6+ $142 80. Kb4 Qc3+ 81. Ka4 Qc6+ 82. Kb4 Qc5+ 83. Kb3 Qc3+ 84. Ka4 Qc2+ 85. Kb5 Kg4) 80. Kb5 {[%emt 0:00:12]} Qd3+ {[%emt 0:00:43]} (80... Kg4 $142 81. Qd5 Qf5) 81. Ka4 {[%emt 0:01:20]} Be5 {[%emt 0:00:08]} 82. Ne6+ {[%emt 0:00:33]} Kg4 {[%emt 0:00:05]} 83. Nc5 {[%emt 0:00:42]} Qc2+ {[%emt 0:00:31]} (83... Qd4+ $142 84. Kb5 g5) 84. Kb5 $19 {[%emt 0:00:04]} Qe2+ {[%emt 0:01:17]} 85. Kb6 {[%emt 0:00:48]} g5 {[%emt 0:00:44]} 86. Qe6+ {[%emt 0:00:56]} f5 {[%emt 0:00:37]} 87. Kc6 {[%emt 0:00:13]} Qf3+ {[%emt 0:00:10]} 88. Kb5 {[%emt 0:00:12]} Bf4 {[%emt 0:00:49]} 89. Qd7 {[%emt 0:02:36]} Be3 90. Nd3 {[%emt 0:00:33]} Qe4 {[%emt 0:00:04]} 91. Nb4 {[%emt 0:00:29]} Kg3 {[%emt 0:00:25]} 92. Qd1 {[%emt 0:00:18]} Bf2 {[%emt 0:00:27]} 93. Qb3+ {[%emt 0:00:50]} Kg2 {[%emt 0:00:25]} 94. Qf7 {[%emt 0:00:27]} g4 {[%emt 0:00:17]} 95. Nd5 {[%emt 0:00:23]} Bd4 {[%emt 0:00:10]} 96. Ne7 {[%emt 0:00:17]} f4 {[%emt 0:00:29]} 97. Ng6 {[%emt 0:00:08]} f3 {[%emt 0:00:38]} 98. Nf4+ {[%emt 0:00:25]} Kg3 {[%emt 0:00:05]} 99. Nh5+ {[%emt 0:00:21]} Kf2 {[%emt 0:00:05]} 100. Nf4 {[%emt 0:00:16]} Be5 {[%emt 0:00:30]} 101. Qa7+ {[%emt 0:01:00]} Kf1 {[%emt 0:00:32]} 0-1